Montenegro : Technical Assistance Report-External Sector Statistics.

The International Monetary Fund (IMF)'s Statistics Department (STA) conducted a technical assistance (TA) mission to the Central Bank of Montenegro (CBM) for the compilation of external sector statistics (ESS) during April 28-May 13, 2021. The mission was funded by Eurostat to meet the European...

وصف كامل

التفاصيل البيبلوغرافية
مؤلف مشترك: International Monetary Fund. Statistics Dept
التنسيق: دورية
اللغة:English
منشور في: Washington, D.C. : International Monetary Fund, 2022.
سلاسل:IMF Staff Country Reports; Country Report ;No. 2022/117
الموضوعات:
الوصول للمادة أونلاين:Full text available on IMF
LEADER 01901cas a2200289 a 4500
001 AALejournalIMF022641
008 230101c9999 xx r poo 0 0eng d
020 |c 5.00 USD 
020 |z 9798400209567 
022 |a 1934-7685 
040 |a BD-DhAAL  |c BD-DhAAL 
110 2 |a International Monetary Fund.  |b Statistics Dept. 
245 1 0 |a Montenegro :   |b Technical Assistance Report-External Sector Statistics. 
264 1 |a Washington, D.C. :  |b International Monetary Fund,  |c 2022. 
300 |a 1 online resource (19 pages) 
490 1 |a IMF Staff Country Reports 
500 |a <strong>Off-Campus Access:</strong> No User ID or Password Required 
500 |a <strong>On-Campus Access:</strong> No User ID or Password Required 
506 |a Electronic access restricted to authorized BRAC University faculty, staff and students 
520 3 |a The International Monetary Fund (IMF)'s Statistics Department (STA) conducted a technical assistance (TA) mission to the Central Bank of Montenegro (CBM) for the compilation of external sector statistics (ESS) during April 28-May 13, 2021. The mission was funded by Eurostat to meet the European Union (EU)'s acquis1 from the ESS perspective. The mission focused on the compilation of quarterly international investment position (IIP),2 and assisted the CBM in preparing the Reserves Data Template (RDT) as well as in recording of financial intermediary services indirectly measured (FISIM) in balance of payments statistics. 
538 |a Mode of access: Internet 
650 7 |a International Agreements and Observance  |2 imf 
650 7 |a International Organizations  |2 imf 
650 7 |a Monetary Policy  |2 imf 
650 7 |a Money and Monetary Policy  |2 imf 
830 0 |a IMF Staff Country Reports; Country Report   |v ;No. 2022/117 
856 4 0 |z Full text available on IMF  |u https://elibrary.imf.org/openurl?genre=journal&issn=1934-7685&volume=2022&issue=117  |z IMF e-Library